Growing deep in the Christian life : (Record no. 6924)
[ view plain ]
| 000 -LEADER | |
|---|---|
| fixed length control field | 00648pam a2200205 a 4500 |
| 001 - CONTROL NUMBER | |
| control field | 3012926 |
| 005 - DATE AND TIME OF LATEST TRANSACTION | |
| control field | 20250712092343.0 |
| 008 - FIXED-LENGTH DATA ELEMENTS--GENERAL INFORMATION | |
| fixed length control field | 940112r19951986miua b 001 0 eng |
| 020 ## - INTERNATIONAL STANDARD BOOK NUMBER | |
| International Standard Book Number | 0310415810 |
| Qualifying information | pbk. |
| 020 ## - INTERNATIONAL STANDARD BOOK NUMBER | |
| International Standard Book Number | 9780310415817 |
| Qualifying information | (pbk.) |
| 050 10 - LIBRARY OF CONGRESS CALL NUMBER | |
| Classification number | BT77 |
| Item number | SWI |
| 082 00 - DEWEY DECIMAL CLASSIFICATION NUMBER | |
| Classification number | 230/.044 |
| Edition information | 20 |
| 100 1# - MAIN ENTRY--PERSONAL NAME | |
| Personal name | Swindoll, Charles R. |
| 245 10 - TITLE STATEMENT | |
| Title | Growing deep in the Christian life : |
| Statement of responsibility, etc. | Charles R. Swindoll. |
| 260 ## - PUBLICATION, DISTRIBUTION, ETC. | |
| Place of publication, distribution, etc. | Grand Rapids, Mich. : |
| Name of publisher, distributor, etc. | Zondervan, |
| Date of publication, distribution, etc. | c1977 |
| 300 ## - PHYSICAL DESCRIPTION | |
| Extent | 429 p. : |
| Other physical details | ill. ; |
| Dimensions | 23 cm. |
| 500 ## - GENERAL NOTE | |
| General note | Originally published: Portland, Or. : Multnomah Press, c1986. |
| 650 #0 - SUBJECT ADDED ENTRY--TOPICAL TERM | |
| Topical term or geographic name entry element | Theology, Doctrinal |
| General subdivision | Popular works. |
| 942 ## - ADDED ENTRY ELEMENTS (KOHA) | |
| Source of classification or shelving scheme | Library of Congress Classification |
| Koha item type | Books |
| Suppress in OPAC | No |
| 999 ## - | |
| -- | 6924 |
| -- | 6924 |
| Withdrawn status | Lost status | Source of classification or shelving scheme | Damaged status | Not for loan | Collection | Home library | Current library | Shelving location | Date acquired | Total checkouts | Full call number | Barcode | Date last seen | Copy number | Price effective from | Koha item type |
|---|---|---|---|---|---|---|---|---|---|---|---|---|---|---|---|---|
| Library of Congress Classification | Non-fiction | Undergraduate Library (Christ Temple) | Undergraduate Library (Christ Temple) | General stacks | 07/12/2025 | BT77 SWI | ulct00003785 | 07/12/2025 | 1 | 07/12/2025 | Books | |||||
| Library of Congress Classification | Non-fiction | Undergraduate Library (Christ Temple) | Undergraduate Library (Christ Temple) | General stacks | 07/12/2025 | BT77 SWI | ulct00003786 | 07/12/2025 | 2 | 07/12/2025 | Books |